The unworthy / Agustina Bazterrica ; translated by ... Read More
Available copies
- 1 of 1 copy available at LARL/NWRL Consortium.
- 1 of 1 copy available at Lake Agassiz Regional Library. (Show preferred library)
Current holds
0 current holds with 1 total copy.
Show All Copies
| Location | Call Number / Copy Notes | Barcode | Shelving Location | Status | Due Date |
|---|---|---|---|---|---|
| Fosston Public Library | BAZ (Text) | 33500014226310 | New | Available | - |
Record details
- ISBN: 1668063700
- ISBN: 9781668063705
- ISBN: 1668051885
- ISBN: 9781668051887
- Physical Description: 177 pages ; 23 cm.
- Edition: First Scribner trade paperback edition.
- Publisher: New York : Scribner, an imprint of Simon & Schuster, 2025.
- Copyright: ©2025.
Content descriptions
| Summary, etc.: | "From her cell in a mysterious convent, a woman ... Read More |
| Language Note: | In English, translated from Spanish. |
Search for related items by subject
| Subject: | Convents > Fiction. Cults > Fiction. End of the world > Fiction. Survival > Fiction. Climatic changes > Fiction. |
| Genre: | Dystopian fiction. Horror fiction. Science fiction. Queer fiction. Novels. |
| LDR | 03328cam a22005891i 4500 | ||
|---|---|---|---|
| 001 | 452812 | ||
| 003 | LARL_NWRL_CONSORTIUM | ||
| 005 | 20250714185643.0 | ||
| 008 | 240611t20252025nyu e 000 1 eng d | ||
| 040 | . | ‡aYDX ‡beng ‡erda ‡cYDX ‡dBDX ‡dIG# ‡dOCO ‡dOCLCO ‡dRNL | |
| 019 | . | ‡a1438664424 | |
| 020 | . | ‡a1668063700 ‡q(hardcover) | |
| 020 | . | ‡a9781668063705 ‡q(hardcover) | |
| 020 | . | ‡a1668051885 ‡q(paperback) | |
| 020 | . | ‡a9781668051887 ‡q(paperback) | |
| 035 | . | ‡a(OCoLC)1438663679 ‡z(OCoLC)1438664424 | |
| 041 | 1 | . | ‡aeng ‡hspa |
| 082 | 0 | 4. | ‡a863/.7 ‡223 |
| 100 | 1 | . | ‡aBazterrica, Agustina María, ‡d1974- ‡eauthor. ‡1https://id.oclc.org/worldcat/entity/E39PBJwRR7kMcQW3FK9tRy6qcP |
| 240 | 1 | 0. | ‡aIndignas. ‡lEnglish |
| 245 | 1 | 4. | ‡aThe unworthy / ‡cAgustina Bazterrica ; translated by Sarah Moses. |
| 250 | . | ‡aFirst Scribner trade paperback edition. | |
| 264 | 1. | ‡aNew York : ‡bScribner, an imprint of Simon & Schuster, ‡c2025. | |
| 264 | 4. | ‡c©2025. | |
| 300 | . | ‡a177 pages ; ‡c23 cm. | |
| 336 | . | ‡atext ‡btxt ‡2rdacontent | |
| 337 | . | ‡aunmediated ‡bn ‡2rdamedia | |
| 338 | . | ‡avolume ‡bnc ‡2rdacarrier | |
| 520 | . | ‡a"From her cell in a mysterious convent, a woman writes the story of her life in whatever she can find--discarded ink, dirt, and even her own blood. A lower member of the Sacred Sisterhood, deemed an unworthy, she dreams of ascending to the ranks of the Enlightened at the center of the convent and of pleasing the foreboding Superior Sister. Outside, the world is plagued by catastrophe--cities are submerged underwater, electricity and the internet are nonexistent, and bands of survivors fight and forage in a cruel, barren landscape. Inside, the narrator is controlled, punished, but safe. But when a stranger makes her way past the convent walls, joining the ranks of the unworthy, she forces the narrator to consider her long-buried past--and what she may be overlooking about the Enlightened. As the two women grow closer, the narrator is increasingly haunted by questions about her own past, the environmental future, and her present life inside the convent. How did she get to the Sacred Sisterhood? Why can't she remember her life before? And what really happens when a woman is chosen as one of the Enlightened?" -- ‡cProvided by publisher. | |
| 546 | . | ‡aIn English, translated from Spanish. | |
| 650 | 0. | ‡aConvents ‡vFiction. ‡0(LARL_NWRL_CONSORTIUM)171632 | |
| 650 | 0. | ‡aCults ‡vFiction. ‡0(LARL_NWRL_CONSORTIUM)164393 | |
| 650 | 0. | ‡aEnd of the world ‡vFiction. ‡0(LARL_NWRL_CONSORTIUM)164795 | |
| 650 | 0. | ‡aSurvival ‡vFiction. | |
| 650 | 0. | ‡aClimatic changes ‡vFiction. ‡0(LARL_NWRL_CONSORTIUM)171496 | |
| 655 | 7. | ‡aDystopian fiction. ‡2lcgft | |
| 655 | 7. | ‡aHorror fiction. ‡2lcgft | |
| 655 | 7. | ‡aScience fiction. ‡2lcgft | |
| 655 | 7. | ‡aQueer fiction. ‡2lcgft | |
| 655 | 7. | ‡aNovels. ‡2lcgft | |
| 700 | 1 | . | ‡aMoses, Sarah, ‡etranslator. ‡1https://id.oclc.org/worldcat/entity/E39PCjvPMYf6KQ7CXjjW4m9Kv3 |
| 901 | . | ‡a452812 ‡bOCoLC ‡c452812 ‡tbiblio ‡soclc | |

Add to basket
Permalink
Disable Highlighting